Musées (Record no. 187763)

MARC details
000 -LEADER
campo de control de longitud fija 00675nam a2200193 i 4500
001 - NÚMERO DE CONTROL
campo de control 187763
003 - IDENTIFICADOR DE NÚMERO DE CONTROL
campo de control ES-MaACL
005 - FECHA Y HORA DE LA ÚLTIMA TRANSACCIÓN
campo de control 20230906223025.0
008 - DATOS DE LONGITUD FIJA--INFORMACIÓN GENERAL
campo de control de longitud fija 180214s1931 fr |||| | fre d
245 00 - MENCIÓN DEL TÍTULO
Título Musées
Resto del título : [enquète internationale sur la rèforme des galeries publiques /
Mención de responsabilidad, etc. dirigée par G. Wildenstein].
260 ## - PUBLICACIÓN, DISTRIBUCIÓN, ETC.
Lugar de publicación, distribución, etc. Paris :
Nombre del editor, distribuidor, etc. Les Beaux-Arts, [1931?]
300 ## - DESCRIPCIÓN FÍSICA
Extensión 393 p., 44 lám. ;
Dimensiones 20 cm.
490 1# - MENCIÓN DE SERIE
Mención de serie Les cahiers de la république des lettres ;
Designación de volumen o secuencia 13
650 #4 - PUNTO DE ACCESO ADICIONAL DE MATERIA--TÉRMINO DE MATERIA
Término de materia o nombre geográfico como elemento de entrada Museos.
9 (RLIN) 15363
700 1# - ENTRADA AGREGADA--NOMBRE PERSONAL
Nombre de persona Wildenstein, Georges.
9 (RLIN) 116827
830 0# - PUNTO DE ACCESO ADICIONAL DE SERIE-TÍTULO UNIFORME
Título uniforme Les cahiers de la république des lettres ;
Designación de volumen o secuencia 13
9 (RLIN) 225618
852 ## - LOCALIZACIÓN
Ubicación ES-MaACL
Número de control de estantería A-388
Holdings
Estatus retirado Estado de pérdida Estado de daño No para préstamo Biblioteca de origen Biblioteca actual Ubicación en estantería Fecha de adquisición Fuente de adquisición Total de préstamos Signatura topográfica completa Código de barras Visto por última vez Precio de reemplazo Tipo de ítem Koha
        Biblioteca del Ateneo de Madrid Biblioteca del Ateneo de Madrid Sala Pecera Planta 1 14/02/2018     A-388 1198368 23/02/2023 23/02/2023 Libro impreso